[Event "Tashkent FIDE GP"]
[Site "Tashkent"]
[Date "2014.11.02"]
[Round "11"]
[White "Jobava, Baadur"]
[Black "Mamedyarov, Shakhriyar"]
[Result "1/2-1/2"]
[WhiteElo "2717"]
[BlackElo "2764"]
[Annotator "Gormally,D"]
[PlyCount "74"]
[EventDate "2014.10.21"]
[EventType "tourn"]
[EventRounds "11"]
[EventCountry "UZB"]
[EventCategory "21"]
[SourceTitle "CBM 163"]
[Source "ChessBase"]
[SourceDate "2014.11.11"]
[SourceVersion "1"]
[SourceVersionDate "2014.11.11"]
[SourceQuality "1"]

1. d4 Nf6 2. c4 c5 3. d5 e6 4. Nc3 exd5 5. cxd5 d6 6. e4 g6 7. Nf3 Bg7 8. h3
O-O 9. Bd3 b5 $1 (9... a6 10. O-O b5 11. Bf4 {scores rather well for White and
I've played this line myself with success - it's not too difficult to find
moves like Re1, Qd2 and Bh6. So Shak goes for the principled line.}) 10. Nxb5 (
10. Bxb5 Nxe4 11. Nxe4 Qa5+ 12. Nfd2 Qxb5 13. Nxd6 Qa6 14. N2c4 Nd7 {but White
has struggled to prove any advantage here - eventually the white d5-pawn will
likely drop off, leading to inevitable equality.}) 10... Nxe4 $5 {By theory
this is considered slightly unsound. However Shak manages to put a different
slant on it.} ({Normally they play the} 10... Re8 {move order.} 11. O-O ({
the attempt to hold on to the pawn fails after} 11. Nc3 Nxe4 12. Nxe4 f5) 11...
Nxe4 12. Re1 a6 $1 {an important interposition.} ({I once forgot to include
this move and played} 12... Nf6 $6 {and promptly got swept off the board by
Peter Wells at the Portsmouth weekend congress after} 13. Rxe8+ Nxe8 14. Bg5 $1
{I think that game was most memorable for the fact that it was the decisive
one in the event, and meant I blew a potential 500 pound jackpot. Before that
game I had been clear leader. I recall sludging the seven hours back to Durham
having not even made enough to cover my expenses - I think I won 130 or so -
chess can be a depressing game at times!}) 13. Na3 Nf6 14. Rxe8+ Nxe8 15. Bg5
Qc7 16. Qa4 {However here White can hope for an advantage, and it's less fun
than in the game.}) 11. Bxe4 Re8 12. Ng5 $1 {This is supposed to be the reason
why they play ...Re8 before taking on e4. However Shak is able to show that
it's not completely clear.} Qa5+ ({It is easy for Black to fall into a trap -} 
12... h6 $2 13. Ne6 $1 {I once caught Stuart Conquest like this in a rapidplay
game.} Bxe6 (13... fxe6 14. O-O e5 15. Bxg6 {is terrible for Black}) 14. dxe6
Rxe6 15. O-O Rxe4 16. Qd5 {and it's already over.}) 13. Nc3 Ba6 $1 {In
exchange for the piece Black has pinned the white king in the centre and has a
healthy lead in development. Of course White can go queenside but the open
b-file should give Black excellent attacking prospects. Personally speaking
even with the extra material I would find facing Mamedyarov in this scenario a
truly frightening prospect. He's one of the best attacking players in the
world and the Benoni truly plays to his strengths - an ability to finely
appreciate the dynamics of a position. Jobava however seemed to go to a new
level in this tournament and has no such concerns - at least for the moment.}
14. Bd2 Nd7 15. Qc2 Rab8 16. O-O-O Ne5 $1 {I think this is correct at least
from the practical viewpoint - Black ramps up the pressure. Ok it's easy to
sit there watching the game with an engine that consistently says plus two for
White, however over the board the problems are far from easy to solve! There's
a lot going on and even for a calculating machine like Jobava, it's almost
impossible to navigate your way through this mess.} ({It was tempting to try
and win back some material with} 16... f5 $6 {which only seems to backfire
because of the strong reply} 17. Na4 $1 (17. Bd3 Bxd3 18. Qxd3 Ne5 19. Qc2 c4 {
with a dangerous initiative}) ({The immediate counter sacrifice} 17. Bxf5 $5 {
only seems to lead to a draw;} gxf5 18. Qxf5 Ne5 19. Qxh7+ Kf8 20. Qf5+ Kg8 21.
Bf4 Qb4 {when the threats are really too dangerous so it's time to pull the
escape hatch with} 22. Qh7+ Kf8 23. Qf5+ $11) 17... Rb4 (17... Bxb2+ 18. Nxb2
Qxa2 19. Bc3 {surely can't be enough for Black}) (17... Qb5 18. Bf3 Ne5 19. Bc3
{and again it's difficult to demonstrate anything.}) 18. Bxb4 cxb4 19. Bxf5 Rc8
20. Be6+ Kf8 21. Bxd7 Rxc2+ 22. Kxc2 {leaves White with just too much material.
}) 17. Rhe1 Rec8 {Now everything is in place for ...c4 and ...Nd3, with an
early slaughter of the White king. But the problem is Jobava has plans of his
own...} 18. Na4 $1 Rb4 $1 {Throwing more wood on the fire.} ({In fact I doubt
that Mamedyarov even considered playing any other move - for example the
pitiful} 18... Qd8 $2 {quickly loses all hopes of an attack after} 19. f4 Nc4
20. Bc3 $18) 19. f4 Nc4 20. Bf5 $1 Rcb8 (20... gxf5 21. Qxf5 Qxa4 22. Qxf7+ Kh8
23. Bc3 $1 {is a cold shower.}) 21. Bxb4 Qxb4 {perhaps the critical moment in
the game.} 22. a3 $2 {Unwisely provoking a firestorm. It is difficult to
imagine what provoked Jobova to play such a move, as it's not hard to ensivage
Mamedaryov's reply. But last rounds have their own rules - fatigue and nerves
play a large part.} ({White had two ways to beat off the attack. The first was
with} 22. Bxg6 hxg6 23. Qb3 {but this is somewhat inaccurate because of} Bb5
24. Nc3 Qa5 $1 (24... Nxb2 25. Qxb4 cxb4 26. Nxb5 Nxd1 27. Nxa7 $1 {when White
can claim an edge in the ending}) 25. Nge4 f5 $1 26. Ng5 Nxb2 27. Nxb5 c4 28.
Qe3 Qxb5 29. Qe6+ Kh8 {when again White has to reach for the escape route with}
30. Nf7+ Kh7 31. Ng5+ $11) ({A better way is surely with the immediate} 22. Qb3
$1 gxf5 23. Re7 {although even here the game remains something of a mess;} h6
24. Rxa7 Bb5 25. Ne6 $1 Bxa4 26. Rxa4 Bxb2+ 27. Kb1 Qxb3 28. axb3 Nb6 $1 29.
Ra7 $16 {finding all these moves over the board however is far from easy.})
22... Nxa3 $1 {Snapped off. Now it is White who finds himself on the
uncomfortable side of a draw.} 23. bxa3 Qxa3+ 24. Kd2 Qg3 $1 {White is a rook
and bishop ahead but that's the end of the good news. Black's remaining forces
are co-ordinating beautifully while by contrast White has too many pieces
hanging and his king is too exposed to have any hope of consolidating his
material advantage.} 25. Rb1 $1 Qxf4+ 26. Kd1 Rxb1+ 27. Qxb1 Qd4+ {Mamedaryov
decides his shredded nerves have had enough of a workout for one day and
decides to steer the game towards equality.} (27... Qxa4+ {would have really
put the question to White.} 28. Qc2 Qa1+ 29. Qc1 Qxc1+ 30. Kxc1 Bh6 $1 31. h4
$1 gxf5 32. Re8+ Kg7 33. Re7 Kg6 34. Rd7 $1 f6 35. Rxd6 Bc4 {is rather an
unclear endgame that why well might favour Black, is not easy to assess from
afar.} 36. Kd2 Bf8 37. Rd8 fxg5 38. Rxf8 Bxd5 39. Rd8 Bxg2 40. Rg8+ {and a
draw is highly likely.}) 28. Kc1 Qf4+ 29. Kd1 gxf5 30. Re8+ Bf8 {I was
watching this game on chessbomb, which gives a computer evaluation for every
move. It was giving Nxc5 as White's main choice here. I thought to myself
Jobava likely won't find it, as it's a computer like move. In fact he smashed
it out instantly....} 31. Nxc5 $1 {I think the really impressive thing is that
Jobava had about an hour left at this point, an astonishing refusal to be
dragged into time trouble when you consider the complexity of the game.  Now
it really is going to be a draw. Black is pinned down by the rook on e8 and
the White king is too exposed to hope to escape all the checks.} Qd4+ 32. Kc1
Qxc5+ 33. Qc2 Qg1+ 34. Qd1 Qc5+ 35. Qc2 Qg1+ 36. Qd1 Qxg2 37. Qh5 Qg1+ 1/2-1/2

[Event "Bundesliga 0607"]
[Site "Germany"]
[Date "2006.12.10"]
[Round "6.1"]
[White "Gustafsson, Jan"]
[Black "Naiditsch, Arkadij"]
[Result "1-0"]
[WhiteElo "2584"]
[BlackElo "2676"]
[Annotator "Gustafsson,J"]
[PlyCount "75"]
[EventDate "2006.10.28"]
[EventType "team-tourn"]
[EventRounds "15"]
[EventCountry "GER"]
[SourceTitle "CBM 116"]
[Source "ChessBase"]
[SourceDate "2007.02.01"]
[SourceVersion "1"]
[SourceVersionDate "2007.02.01"]
[SourceQuality "1"]
[WhiteTeam "Hamburger SK"]
[BlackTeam "Bindlach"]
[WhiteTeamCountry "GER"]
[BlackTeamCountry "GER"]

{German Bundesliga, Sunday morning. Nowadays starting at 10am, which is better
than 9am, but still....} 1. d4 Nf6 2. c4 e6 3. Nc3 c5 $6 {The first surprise.
Arkadij normally goes for the Nimzo and I hadn't seen him play the Benoni
before. After the game he told me "You looked so sleepy, I just had to make a
fight out of it". Of course it's a legitimate and fine strategy to opt for an
unbalanced fighting position being the stronger player. But I still don't
think his choice was clever here. First of all, he didn't have any experience
in the Benoni, and the resulting positions can be quite hard to play from the
black side. Secondly, while the position is complicated, White can just
develop his pieces normally and get a pleasant position without too many
pitfalls. So he failed in making me face too many tough decisions early in the
morning, in spite of the surprise.} 4. d5 exd5 5. cxd5 d6 6. e4 g6 7. h3 {
I decided to opt for the solid "modern main line" or whatever it's called.
Arguably 7.f4 is more critical, but it's not really in sync with my solid
cowardish style, especially without any preparation.} Bg7 8. Nf3 O-O 9. Bd3 Na6
$6 {The second surprise, and this time definitely a pleasant one. This move is
generally considered to be too slow and doesn't really interfere with White's
plans. Arkadij's trainer Beliavsky used it once, but as far as I can see, he's
the only strong player who ever actually won with it! The main line is ... b5,
but then again that move tends to lead to forced play and simplifications,
something that wasn't really on my opponents agenda.} (9... b5 10. Bxb5 Nxe4
11. Nxe4 Qa5+ 12. Nfd2 Qxb5 13. Nxd6 Qa6 14. N2c4 Rd8 15. Bf4 Nd7 16. O-O Nb6 {
is the main line, with Black regaining the pawn eventually. White seems to be
able to keep a tiny edge, but in practice Black has normally been able to hold.
}) 10. O-O Nc7 11. Re1 Re8 12. a4 b6 13. Bf4 {Simple chess. I'm just getting
the pieces out. Eventually, White is dreaming of Nd2-Nc4.} Ba6 14. Rb1 $1 {
Prophylaxis. The rook gets out of the range of Black's g7 guy, and more
importantly, I am now ready to counter the main idea of Black's setup
effectively: I am getting ready for b4 before Black can get in b5!} h6 {
A strange move, showing Black doesn't really have a constructive plan.} (14...
Bxd3 15. Qxd3 a6 16. b4 {and White is better.}) 15. Bh2 {As h6 didn't scare me
too much, I decided to bit some time and get my bishop out of possible furture
harrasment by means of g5 or Nh5.} Rc8 $2 {In my opinion, this is already the
decisive mistake. Now I get the chance to go for a forced sequence exploiting
Black's weaknesses on d6 and a7. Then again, its hard to come up with good
advice for Blacks cause already. As I said, I'm not a big fan of the Na6-Nc7
idea..} 16. Bxa6 $1 {I spent almost one hour on this move trying to calculate
stuff. It's not that logical, since I invite Black's knight to enter b4, but
who cares if it works? White is just quicker.} Nxa6 17. Nd2 Bf8 (17... Rc7 18.
Nc4 Rd7 {is more resilient, but its not a pretty sight either}) 18. Nb5 {
The start of the forced line I had been spending my time on before Bxa6.
Luckily it works fine for White.} Ra8 (18... Qd7 19. Qf3 Nh7 20. Qg3) 19. Qf3
Nb4 20. Nc4 Nc2 21. Nbxd6 $1 (21. Rec1 Nd4) (21. Re2 a6) 21... Nxe1 22. Rxe1
Bxd6 23. Nxd6 Rf8 24. Nb7 $1 Qe7 25. Bd6 {This is where my calculations ended.
White remains a pawn to the good with a winning position. As they say, the
rest is a matter of technique. I never really got what that means though, I
guess the key is just to keep playing well even though you know that you have
a winning position?} Qxb7 26. Qxf6 (26. Bxf8 Nxe4 27. Bxh6 f5 {is less
clearcut.}) 26... Rfe8 (26... Rfc8 27. Be5 Kf8 28. Qg7+ Ke8 29. Bf6 {isn't
much fun for Black, so has to give back the exchange immediately.}) 27. Be5
Rxe5 28. Qxe5 Qa6 29. b3 {I'm confused. After the match my team captain Mrs.
Zickelbein told me b3 was a serious inacuracy accordig to her Fritz and Qf6
would be much stronger. My Fritz likes b3 though. And it does cover the a4
pawn, so I didn't really think twice about it. I like my pawns!} c4 {
Accelerating the end, but Black's position was fairly hopeless anyway.} 30. d6
$1 {I changed my mind and decided to give some pawns up for the greater good 
(Black rook on a8 that is).} cxb3 31. d7 Qxa4 32. Rd1 Rd8 33. Qe7 b2 34. Qxd8+
Kg7 35. Rb1 Qxe4 (35... Qa1 36. Qf8+ Kxf8 37. d8=Q+ Kg7 38. Qd4+ Kh7 39. Rxa1)
36. Rxb2 Qe1+ 37. Kh2 Qe5+ 38. f4 $1 {So I finally managed to win a game on
board 1 in the Bundesliag again! The prop betting whether I will be able to
win another one a) this season b) this year c) ever has already started. Time
will tell!} 1-0

[Event "Hamburg SKA"]
[Site "Hamburg"]
[Date "1991.06.29"]
[Round "3"]
[White "Bischoff, Klaus"]
[Black "Hansen, Curt"]
[Result "0-1"]
[WhiteElo "2495"]
[BlackElo "2565"]
[Annotator "Hansen,Cu"]
[PlyCount "70"]
[EventDate "1991.06.27"]
[EventType "tourn"]
[EventRounds "13"]
[EventCountry "GER"]
[EventCategory "11"]
[SourceTitle "CBM 024"]
[Source "ChessBase"]
[SourceDate "1991.10.01"]
[SourceVersion "1"]
[SourceVersionDate "1991.10.01"]
[SourceQuality "1"]

1. Nf3 {Stohl Ftacnik} c5 2. c4 g6 3. d4 Bg7 4. d5 d6 5. e4 Nf6 6. Nc3 O-O 7.
h3 e6 8. Bd3 exd5 9. cxd5 Re8 (9... b5 {Stohl} 10. Nxb5 Nxe4 11. Bxe4 Re8 12.
Ng5 h6 $5 13. Ne6 Qa5+ 14. Nc3 Bxc3+ 15. bxc3 Qxc3+ 16. Bd2 Qc4 {Poluliakhov,
A-Glianetz,A,Moscow 1991} 17. Qe2 $5 Qxe2+ 18. Kxe2 Na6 19. Rhe1 $36) 10. O-O
c4 11. Bxc4 (11. Bc2 Bd7 (11... b5 {Stohl} 12. Nxb5 (12. a3 a6 $13) 12... Nxe4
13. Re1 Ba6 14. a4 Bxb5 15. axb5 Nc5 16. Nd2 Rxe1+ 17. Qxe1 c3 18. bxc3 Bxc3
19. Ra3 Bb4 20. Re3 Nbd7 21. Qe2 Nb6 22. Bb2 {Dreev,A-Wedberg,T,New York op
1991-CBM 23} Nxd5 $5 23. Ne4 Rc8 $146) 12. Bf4 Qb6 13. Rb1 Na6 14. e5 $14 {
Fishbein,A-Larsen,B New York 1990}) 11... Nxe4 12. Nxe4 Rxe4 13. Bg5 (13. Bd3 {
Ftacnik} Re8 14. Bg5 Qb6 (14... Qa5 $5 {Stohl} 15. Re1 Bd7 16. Rxe8+ Bxe8 17.
Qe1 Qxe1+ 18. Rxe1 Nd7 19. Bb5 Nf6 $10 {Ribli,Z-Gschnitzer,O,BL 1990/91}) 15.
Re1 (15. Qa4 Bd7 16. Qf4 Na6 17. Bxa6 bxa6 18. Bf6 Bf5 19. Bxg7 Kxg7 20. b3 Re4
$15 {Kozul,Z-Velimirovic,D/Jug ch/1990/} (20... Re4 21. Qd2 Rae8 $15 {Kozul,
Z-Velimirovic,D,YUG-ch 1990-CBM 17})) 15... Bd7 16. Rxe8+ Bxe8 17. Rc1 (17. Qe2
{Stohl} Nd7 18. Re1 Ne5 $10 {Pardo,M-Watanabe,A,Santiago W-chjr 1990}) 17...
Nd7 18. b3 $14 {Epishin,V-Haist,W/Baden Baden op/1990/}) 13... Bf6 14. Bd3 Re8
15. Qd2 {N} (15. Qa4 Nd7 16. Qh4 $14 {Cramling,P-Wedberg,T Stockholm 1990} (16.
Qh4 {Ftacnik} a6 (16... Bxg5 $142 17. Nxg5 Nf6) 17. Rfe1 Rxe1+ 18. Rxe1 b5 19.
Re4 Bb7 20. Rf4 Kg7 21. Qh6+ (21. Nd4 $3 {Stohl} h5 (21... Bxd5 22. Rxf6 $1
Nxf6 23. Nf5+ $1 gxf5 24. Qh6+ Kg8 25. Bxf6 $18) (21... Bxg5 22. Rxf7+ $1 Kxf7
23. Qxh7+ Kf6 $8 (23... Kf8 24. Ne6+) 24. Qxg6+ Ke5 $8 (24... Ke7 25. Nf5+ Kf8
26. Qg7+ Ke8 27. Nxd6#) 25. Qe4+ Kf6 26. Qf5+ Ke7 (26... Kg7 27. Ne6+ {/\Qh7#})
27. Qxg5+ Ke8 (27... Kf7 28. Qg6+ Kf8 29. Ne6+ $18) (27... Nf6 28. Qg7+ Ke8 29.
Bg6#) 28. Bg6+ $18) 22. Bxf6+ Nxf6 23. Bxg6 $1 Nxd5 (23... fxg6 $2 24. Ne6+) (
23... Kxg6 24. Rf5 $1 $18 {/\Qg5}) 24. Rxf7+ Kxg6 25. Rg7+ $1 Kxg7 26. Ne6+ $18
) 21... Kg8 22. Qh4 $10 {Cramling,P-Wedberg,T/Stockholm/1990/})) 15... Bxg5 (
15... Nd7 16. Rfe1 {+/=/+/-}) 16. Nxg5 h6 17. Nf3 (17. Ne4 Bf5 $10) (17. Nxf7
Kxf7 18. Qxh6 Bf5 {/=}) 17... Kg7 18. Rfe1 (18. Qc3+ {Stohl} Qf6 19. Qc7 Nd7
$13) 18... Rxe1+ 19. Rxe1 Nd7 20. Re4 $1 {/\Rh4/Qc3+,Rf4} (20. Qc3+ {Stohl} Qf6
21. Re8 Qxc3 22. bxc3 Nb6 $15 {/\Bd7}) (20. Qf4 {Stohl} Qf6 21. Qxf6+ Nxf6 $10)
(20. Bc2 $5 {Stohl /\Qd4|^}) 20... Nc5 (20... Nb6 21. Rh4 $40) (20... Nf6 21.
Rh4 h5 (21... Ng8 22. Rf4 {/\Dc3+}) (21... g5 $2 22. Nxg5) 22. Rf4 (22. g4 $40
{Ftacnik}) 22... Nh7 $16 (22... Bd7 23. Qc3 Rc8 24. Qd4 Rc5 25. Bc4 $18 {
/\g2-g4-g5})) 21. Rh4 h5 (21... g5 22. Qc3+ $1 f6 23. Rd4 $16 {/^b1-h7,><e6})
22. Bb1 (22. Bc2 $5 {Ftacnik}) (22. g4 {Stohl} Qf6 $36) 22... a5 (22... Bd7 {
Ftacnik} 23. b4 Na4 24. Rf4 $16) 23. g4 $5 (23. Rf4 Bd7 24. g4 (24. Qd4+ $14 {
Ftacnik}) 24... hxg4 25. hxg4 {/\Qc3+,g5,Rh4} Qh8 $1 $14) (23. b4 $5 {Stohl}
axb4 24. Rxb4 $132) 23... Nd7 (23... Qf6 24. gxh5 Bf5 (24... Qxf3 25. hxg6 $18)
25. hxg6 Qxg6+ 26. Rg4 $18) 24. gxh5 $138 (24. g5 {Ftacnik} Ne5 $14) 24... Ne5
25. h6+ $6 (25. Rf4 Bxh3 26. hxg6 fxg6 {+/=/}) 25... Kh7 (25... Kh8 {Ftacnik}
26. Nxe5 Qxh4 $2 27. Nxf7+ Kh7 (27... Kg8 28. Bxg6 $18) 28. Qc3 $18) (25... Kf8
{Ftacnik} 26. Rf4 $16) 26. Qf4 $2 (26. Rf4 Qe7 $13 (26... f5 $13) (26... Bxh3
$2 27. Nxe5 Qg5+ 28. Ng4 f5 (28... Bxg4 29. Rxf7+ Kxh6 30. Rh7+) 29. Qc3 $18) (
26... f5 $13 {Ftacnik}) (26... f5 $13 {Stohl})) (26. Ng5+ $2 Qxg5+ 27. Qxg5
Nf3+ $19) 26... Nxf3+ 27. Qxf3 Qg5+ $19 (27... Qxh4 $2 {Ftacnik} 28. Qxf7+ Kxh6
29. Qxg6#) 28. Kh2 (28. Rg4 {Ftacnik} Bxg4 29. Qxf7+ Kxh6 $19) 28... Bf5 (28...
Qxh4 $4 {Stohl} 29. Qxf7+ $18) 29. Rc4 (29. Rf4 {Ftacnik} Bxb1 30. Rxf7+ Kxh6
$19) (29. Bxf5 {Ftacnik} Qxh4 $19 (29... Qxh4 {Stohl} 30. Bd3 Rf8 $19)) 29...
Bxb1 30. Qxf7+ Kxh6 31. Rg4 (31. Rc7 Qe5+ 32. Kg1 (32. f4 {Ftacnik} Qxb2+ 33.
Kg3 Rh8 $19) 32... g5 33. Re7 Bg6 $19) 31... Qe5+ (31... Qf5 {Ftacnik} 32. Rh4+
Kg5 33. f4+ $1 (33. Qe7+ Qf6 34. Rg4+ Kf5 35. Rf4+ $18) 33... Kxh4 34. Qh7+ Qh5
35. Qe7+ g5 36. Qe1#) (31... Qh5 {Ftacnik} 32. f4 $1 Bf5 33. Kg3 Bxg4 34. hxg4
Qh1 35. g5+ Kh5 36. Qh7#) 32. Kg2 g5 33. h4 Bg6 34. hxg5+ Qxg5 (34... Kh5 {
Ftacnik} 35. Qf3 $1) 35. Qe6 (35. Qf3 Qe5 $19) 35... Re8 $138 (35... Re8 $1 {
Ftacnik} 36. Rxg5 Rxe6 $19) 0-1